书目信息 |
| 题名: |
做四有好老师
|
|
| 作者: | 陈水献 , 李奎武 , 秦向前 主编 | |
| 分册: | ||
| 出版信息: | 北京 文化发展出版社 2018 |
|
| 页数: | 158页 | |
| 开本: | 25cm | |
| 丛书名: | ||
| 单 册: | ||
| 中图分类: | G451.6 , K825.46=76 | |
| 科图分类: | ||
| 主题词: | 师德 , 教师--生平事迹--中国--现代 | |
| 电子资源: | ||
| ISBN: | 978-7-5142-1955-5 | |
| 000 | 01080nam0 2200277 45 | |
| 001 | 012001001573 | |
| 005 | 20131026133522.0 | |
| 010 | @a978-7-5142-1955-5@dCNY38.00 | |
| 100 | @a20181129d2017 em y0chiy50 ea | |
| 101 | 0 | @achi |
| 102 | @aCN@b110000 | |
| 105 | @ay z 000yd | |
| 106 | @ar | |
| 200 | 1 | @a做四有好老师@9zuo si you hao lao shi@f陈水献,李奎武,秦向前主编 |
| 210 | @a北京@c文化发展出版社@d2018 | |
| 215 | @a158页@d25cm | |
| 330 | @a本书分立德准绳、师德之星、师德之声三部分,旨在让广大教师同行通过认真学习有关法规及纪律要求,知道教师职业的底线和高压线是什么,管住自己,加强自律;通过学习先进人物的典型事迹,从模范人物身上找到自己的差距,认识到教师工作的重要性,知道今后努力的方向在哪里,做一名学生喜欢、家长尊重、社会信任、政府放心的好老师。 | |
| 606 | 0 | @a师德 |
| 606 | 0 | @a教师@x生平事迹@y中国@z现代 |
| 690 | @aG451.6@v5 | |
| 690 | @aK825.46=76@v5 | |
| 701 | 0 | @a陈水献@9chen shui xian@4主编 |
| 701 | 0 | @a李奎武@9li kui wu@4主编 |
| 701 | 0 | @a秦向前@9qin xiang qian@4主编 |
| 801 | 0 | @aCN@b江苏凤凰@c20191020 |
| 905 | @b1239832-5@dG451.6@e362@f4 | |
| 做四有好老师/陈水献,李奎武,秦向前主编.-北京:文化发展出版社,2018 |
| 158页;25cm |
| ISBN 978-7-5142-1955-5:CNY38.00 |
| 本书分立德准绳、师德之星、师德之声三部分,旨在让广大教师同行通过认真学习有关法规及纪律要求,知道教师职业的底线和高压线是什么,管住自己,加强自律;通过学习先进人物的典型事迹,从模范人物身上找到自己的差距,认识到教师工作的重要性,知道今后努力的方向在哪里,做一名学生喜欢、家长尊重、社会信任、政府放心的好老师。 |
| ● |
| 相关链接 |
|
|
|
|
正题名:做四有好老师
索取号:G451.6/362
 
预约/预借
| 序号 | 登录号 | 条形码 | 馆藏地/架位号 | 状态 | 备注 |
| 1 | 1239832 | 212398323 | 第一样本阅览室/ [索取号:G451.6/362] | 在馆 | |
| 2 | 1239833 | 212398332 | 教育系资料室/ [索取号:G451.6/362] | 在馆 | |
| 3 | 1239834 | 212398341 | 教育系资料室/ [索取号:G451.6/362] | 在馆 | |
| 4 | 1239835 | 212398350 | 第四借阅区/ [索取号:G451.6/362] | 在馆 |